| 000 | 00462nam a22001937a 4500 | ||
|---|---|---|---|
| 003 | MPLRDC | ||
| 005 | 20220104143027.0 | ||
| 008 | 210129b ||||| |||| 00| 0 eng d | ||
| 020 | _a957-19-2747-3 | ||
| 082 | _a274 JYL | ||
| 100 | _a江亦丽 | ||
| 245 |
_a狮子勇士 _c |
||
| 250 | _a初版一刷 | ||
| 260 |
_a台湾 _b东大图书股份有限公司 _c2003 |
||
| 300 | _b188 | ||
| 490 | _a宗教文库 | ||
| 650 | _a印度教 | ||
| 942 |
_cBK _o274 JYL |
||
| 999 |
_c35913 _d35903 |
||